000 00658nam a2200217 4500
001 127662
003 ES-MaACL
005 20260426162626.0
007 t|
008 070214s1941 sp r ||||1| spa d
100 1 _aRilke, Rainer Maria,
_d1875-1926
_997230
245 1 4 _aLas quintaesencias /
_cRainer Maria Rilke ; estudio, selección y traducción de Jaime Bofill y Ferro.
250 _a1ª. ed.
260 _aMadrid :
_b`La Gacela`,
_c1941.
300 _a154 p. :
_bil. ;
_c17 cm.
490 1 _a"Gacela`
700 1 _aBofill i Ferro, Jaume.
_929787
830 0 _a"Gacela`
_9219213
852 _aES-MaACL
_jE-1208
_bR.27176
999 _c127662
_d127662